[Event "Swedish Elitserien 2021-22"]
[Site "Sodertalje"]
[Date "2022.05.14"]
[Round "8.1"]
[White "Vernersson, Per"]
[Black "Sjodahl, Pontus"]
[Result "0-1"]
[WhiteElo "2260"]
[BlackElo "2431"]
[Annotator "TA"]
[PlyCount "122"]
[EventDate "2022.05.13"]
[EventType "team-tourn"]
[EventCountry "SWE"]
[SourceTitle "playchess.com"]
[Source "ChessBase"]
[SourceQuality "1"]

{[%evp 13,122,13,39,11,14,6,12,2,2,0,0,0,0,-11,-11,-11,0,-29,-11,-11,-6,-11,-11,-18,-11,-11,-11,-16,-10,-16,-24,-12,-9,-29,-22,-14,0,-26,-18,-25,-31,-29,-7,-62,-33,-85,-33,-35,-12,-12,-11,-12,-12,-33,-33,-33,-33,-33,0,-33,-29,-33,-21,-33,-33,-33,-33,-33,-33,-54,-27,-27,-31,-41,-26,-34,-30,-34,-35,-54,-25,-33,-12,-49,-34,-42,-33,-114,-114,-114,-99,-122,-109,-100,-95,-216,-193,-285,-285,-394,-389,-496,-464,-477,-484,-471,-484,-450,-471,-427,-395]} 1. d4 {[%emt 0:00:04]} Nf6 {[%emt 0:00:12]} 2. c4 {[%emt 0:00:09]} e6 {[%emt 0:00:34]} 3. Nf3 {[%emt 0:00:16]} d5 {[%emt 0:00:25]} 4. Nc3 {[%emt 0:00:33]} Bb4 {[%emt 0:00:29]} 5. cxd5 {[%emt 0:00:41]} exd5 {[%emt 0:00:07]} 6. Bg5 {[%emt 0:00:13]} Qd6 {[%emt 0:01:00]} 7. Bxf6 {[%emt 0:02:07]} Qxf6 {[%emt 0:00:17]} 8. Qa4+ {[%emt 0:03:45] D38: Queen's Gambit Declined: Ragozin Defence (4 Nf3 Bb4).} (8. Qb3 $5 {[%cal Rb3b4]} Nc6 9. e3 $14) 8... Nc6 {[%emt 0:00:11]} 9. e3 {[%emt 0:01:06]} O-O {[%emt 0:07:49]} 10. Qc2 {[%emt 0:14:18] [#] The position is equal.} Bf5 $146 {[%emt 0:26:03]} ({Predecessor:} 10... Bg4 11. Be2 Rfe8 12. O-O Rad8 13. Rac1 h5 14. h3 Bf5 15. Bd3 Bxh3 16. Nh2 Qg5 17. f4 Qe7 18. gxh3 Qxe3+ {0-1 (61) Medves,E (1593)-Menichini,M (1791) Condino 2011}) 11. Bd3 {[%emt 0:02:11]} Ne7 {[%emt 0:01:05]} 12. Bxf5 {[%emt 0:01:30]} Nxf5 {[%emt 0:01:58]} 13. O-O {[%emt 0:00:26]} c6 {[%emt 0:00:50]} 14. Na4 {[%emt 0:05:25]} Rfe8 {[%emt 0:09:50]} 15. a3 {[%emt 0:03:13]} Bf8 {[%emt 0:05:00]} 16. Nc5 {[%emt 0:03:10]} Bxc5 {[%emt 0:03:40]} (16... Nd6 {with more complications.} 17. Nd7 Qe6 18. Nfe5 g6) 17. Qxc5 {[%emt 0:00:31]} Nd6 {[%emt 0:01:39]} 18. Rac1 {[%emt 0:06:50]} Re6 {[%emt 0:02:34]} 19. Qc2 {[%emt 0:06:25]} Rae8 {[%emt 0:03:23]} 20. Qd1 {[%emt 0:05:26]} Qf5 {[%emt 0:03:29]} 21. Ne5 {[%emt 0:04:03]} f6 {[%emt 0:02:06]} 22. Nd3 {[%emt 0:01:31]} R6e7 {[%emt 0:00:22]} 23. b3 {[%emt 0:01:01]} h5 {[%emt 0:01:59]} 24. Nc5 {[%emt 0:02:21]} Kf7 {[%emt 0:04:28]} 25. Qf3 {[%emt 0:06:34]} Qg4 {[%emt 0:03:55]} 26. Rfd1 {[%emt 0:08:04]} g5 {[%emt 0:01:57]} 27. Nd3 {[%emt 0:03:29]} Kg6 {[%emt 0:00:58]} 28. Ne1 {[%emt 0:02:09]} (28. a4 $11) 28... Nf5 {[%emt 0:04:33]} 29. Rd3 {[%emt 0:04:57]} (29. Rc5 $15) 29... Nh4 {[%emt 0:01:03] 0x0.001ab4bdff07dp-1022s more active pieces.} (29... Qxf3 $17 30. Nxf3 g4) 30. Qd1 $15 {[%emt 0:01:23]} Qxd1 {[%emt 0:02:40]} (30... Qe4 {is more complex.} 31. Rd2 Kh6 32. g3 Nf5) 31. Rdxd1 {[%emt 0:00:23]} Nf5 {[%emt 0:00:12]} 32. Nd3 {[%emt 0:01:00]} h4 {[%emt 0:00:45]} 33. h3 {[%emt 0:00:34]} Nd6 {[%emt 0:01:10]} 34. a4 {[%emt 0:01:09]} Kh5 {[%emt 0:01:27]} 35. Rc2 {[%emt 0:02:33]} Kg6 {[%emt 0:01:27]} 36. Kh2 {[%emt 0:02:14]} Kf5 {[%emt 0:00:45]} 37. Nc5 {[%emt 0:01:15]} a5 {[%emt 0:02:18]} 38. Nd3 {[%emt 0:01:05]} Ra8 {[%emt 0:00:42]} 39. Nc5 {[%emt 0:00:50]} Kg6 {[%emt 0:00:39]} 40. Nd3 {[%emt 0:00:41]} Ne4 {[%emt 0:04:01]} 41. Nc5 {[%emt 0:03:03]} f5 {[%emt 0:02:17]} 42. Nd3 {[%emt 0:02:13]} Kf6 {[%emt 0:00:31]} 43. Ne5 {[%emt 0:00:43]} Rg7 {[%emt 0:04:18]} 44. f3 {[%emt 0:03:06]} Nd6 {[%emt 0:00:58]} 45. Kg1 {[%emt 0:01:21]} Re7 {[%emt 0:02:51]} 46. Kf2 {[%emt 0:01:47]} Nf7 {[%emt 0:01:10]} (46... f4 $5 {[%cal Rf4e3]}) 47. Nd3 {[%emt 0:04:51]} Nd8 {[%emt 0:07:11]} 48. Ne5 {[%emt 0:05:09]} Ne6 {[%emt 0:00:39]} 49. Nd3 {[%emt 0:07:00]} Rae8 {[%emt 0:02:37]} 50. Nc1 {[%emt 0:03:39]} (50. Rcd2 $15) 50... Ng7 $17 {[%emt 0:04:59]} 51. Re2 {[%emt 0:00:33]} f4 {[%emt 0:02:30]} 52. exf4 {[%emt 0:00:56]} gxf4 {[%emt 0:00:14]} 53. Rxe7 {[%emt 0:02:13]} Rxe7 {[%emt 0:00:13][%mdl 4096] Endgame KRN-KRN} 54. Rd3 {[%emt 0:01:27] Inhibits Re3. Loses the game.} (54. Re1 $17 {was necessary.}) 54... Nf5 $19 {[%emt 0:01:20]} 55. Ne2 {[%emt 0:00:58]} (55. Rd1 {was called for.}) 55... Kg5 {[%emt 0:01:29]} 56. Rd2 {[%emt 0:02:32]} Re3 {[%emt 0:03:06]} 57. Rb2 {[%emt 0:00:13]} Rd3 {[%emt 0:00:29] Black is clearly winning.} 58. b4 {[%emt 0:00:13]} Ne3 {[%emt 0:00:18] [#] ( -> ...Nd1+)} 59. Rb1 {[%emt 0:00:16]} axb4 {[%emt 0:00:52]} 60. Rxb4 {[%emt 0:00:23]} Rd1 {[%emt 0:00:36][%csl Ge3][%cal Rd1f1]} 61. Nc3 {[%emt 0:00:21]} Rd2+ {[%emt 0:01:18] Weighted Error Value: White=0.20 (precise) /Black=0.06 (flawless)} 0-1

[Event "Swedish Elitserien 2021-22"]
[Site "Sodertalje"]
[Date "2022.05.14"]
[Round "8.2"]
[White "Akesson, Ralf"]
[Black "Lukez, Franko"]
[Result "1-0"]
[WhiteElo "2398"]
[BlackElo "2265"]
[Annotator "TA"]
[PlyCount "133"]
[EventDate "2022.05.13"]
[EventType "team-tourn"]
[EventCountry "SWE"]
[SourceTitle "playchess.com"]
[Source "ChessBase"]
[SourceQuality "1"]

{[%evp 26,133,45,39,41,34,34,32,32,26,56,56,50,56,53,27,29,27,88,81,98,24,29,25,39,21,66,66,91,93,113,118,160,150,150,85,137,96,141,84,93,0,2,7,0,10,34,34,34,34,34,34,34,34,34,34,34,35,60,32,32,32,32,32,32,32,32,32,41,42,72,71,122,122,131,117,320,313,313,313,313,313,313,313,893,313,6958,6958,29972,29974,29973,29975,29976,29977,29976,29978,29978,29979,29979,29978,29983,29979,29978,29976,29981,29976,29976,29977,29970,29952]} 1. Nf3 {[%emt 0:00:06]} Nf6 {[%emt 0:00:14]} 2. c4 {[%emt 0:00:14]} g6 {[%emt 0:00:34]} 3. Nc3 {[%emt 0:00:20]} Bg7 {[%emt 0:00:09]} 4. e4 {[%emt 0:00:22]} d6 {[%emt 0:00:10]} 5. d4 {[%emt 0:00:06]} O-O {[%emt 0:00:18]} 6. Be2 {[%emt 0:00:54]} c5 {[%emt 0:00:22]} 7. O-O {[%emt 0:01:22]} cxd4 {[%emt 0:01:27]} 8. Nxd4 {[%emt 0:00:10]} Nc6 {[%emt 0:00:09]} 9. Be3 {[%emt 0:00:47]} Bd7 {[%emt 0:00:11]} 10. Qd2 {[%emt 0:01:12]} Nxd4 {[%emt 0:00:14]} 11. Bxd4 {[%emt 0:00:06]} Bc6 {[%emt 0:00:05]} 12. f3 {[%emt 0:00:45]} a5 {[%emt 0:00:09]} 13. Rab1 {[%emt 0:02:32]} Nd7 {[%emt 0:02:34]} 14. Be3 {[%emt 0:00:44]} a4 {[%emt 0:16:10] B38: Sicilian: Maroczy Bind with 5...Bg7 and 7...0-0.} 15. Rfc1 {[%emt 0:10:37]} Qa5 {[%emt 0:12:12]} 16. b4 {[%emt 0:02:08]} axb3 $1 {[%emt 0:00:07] White is slightly better.} 17. axb3 {[%emt 0:00:06]} Bxc3 {[%emt 0:01:55] [#]} 18. Rxc3 $146 {[%emt 0:03:45] Threatens to win with b4.} ({Predecessor:} 18. Qxc3 Qxc3 19. Rxc3 Ra2 20. Bf1 Rfa8 21. b4 b6 22. Rcb3 Kf8 23. R3b2 e5 24. g3 {1-0 (69) Mueller,R (2414)-Berberich,C (2085) Wiesbaden 2012}) 18... Qb4 {[%emt 0:00:12]} 19. Bf1 {[%emt 0:15:52]} Ra3 {[%emt 0:03:00]} 20. Rc2 {[%emt 0:09:03]} Qxd2 {[%emt 0:00:51]} 21. Bxd2 {[%emt 0:00:15]} Nc5 {[%emt 0:08:33]} (21... Rfa8 $11 {remains equal.}) 22. b4 $36 {[%emt 0:05:11][%mdl 2048] Keeping Black busy.} Ne6 {[%emt 0:13:14]} 23. Bc1 {[%emt 0:01:43]} (23. b5 $16 Bd7 24. Bb4) 23... Ra4 $11 {[%emt 0:01:18]} 24. Be3 {[%emt 0:02:01]} Ra3 {[%emt 0:01:14]} 25. Kf2 {[%emt 0:01:19]} f5 {[%emt 0:03:36]} 26. exf5 {[%emt 0:01:32]} gxf5 {[%emt 0:00:28]} 27. c5 {[%emt 0:06:04]} Ba4 {[%emt 0:06:15]} 28. Rcb2 {[%emt 0:07:30] And now Bc4 would win.} d5 {[%emt 0:18:22] Inhibits Bc4.} 29. Re1 {[%emt 0:08:19]} Kf7 {[%emt 0:03:01]} 30. Bd2 {[%emt 0:09:06]} ({White should try} 30. Bh6 Rg8 31. Re5) 30... f4 {[%emt 0:04:13]} (30... Nd4 $142) 31. Re5 {[%emt 0:02:02]} Bb3 {[%emt 0:00:32] [#]} 32. Bd3 {[%emt 0:01:09]} ({White should play} 32. Bc1 $1) 32... Rfa8 {[%emt 0:03:07]} 33. Bf5 {[%emt 0:06:17] White is more active.} ({But not} 33. Bxh7 $6 Ra2 34. Bc1 (34. Rxb3 $2 Rxd2+ 35. Kf1 Raa2 $19) 34... Rxb2+ 35. Bxb2 Bc4 $11) (33. Rf5+ $16 Kg7 34. Bxf4) 33... Kf6 $1 {[%emt 0:00:29]} 34. Rxe6+ {[%emt 0:01:05]} Kxf5 {[%emt 0:00:03]} 35. Rxe7 {[%emt 0:00:15]} Ra2 {[%emt 0:00:04]} (35... Bc4 $5 {[%cal Ra3a2]}) 36. Bc3 {[%emt 0:01:01]} Rxb2+ {[%emt 0:00:13][%mdl 64] Remove Defender} 37. Bxb2 $14 {[%emt 0:00:05][%mdl 4096] Endgame Bd4 is the strong threat. KRB-KRB} Ra2 {[%emt 0:00:19]} 38. Re5+ {[%emt 0:01:40]} Kg6 {[%emt 0:00:03]} 39. Re2 {[%emt 0:00:07]} Bc4 {[%emt 0:00:03]} 40. Rd2 {[%emt 0:01:48]} d4 {[%emt 0:00:29]} 41. g3 {[%emt 0:06:44]} fxg3+ {[%emt 0:01:49]} 42. hxg3 {[%emt 0:00:56]} (42. Kxg3 $5 {[%cal Rd2d4]} Bf1 43. Kf4 $16) 42... h5 {[%emt 0:00:49]} 43. g4 {[%emt 0:03:34]} hxg4 {[%emt 0:01:20]} 44. fxg4 {[%emt 0:00:03]} d3 {[%emt 0:05:55]} 45. Ke3 {[%emt 0:03:19]} Ra8 {[%emt 0:00:20]} 46. Bc3 {[%emt 0:05:08]} Kg5 {[%emt 0:07:19]} 47. Rg2 {[%emt 0:01:43]} Re8+ {[%emt 0:02:42]} 48. Kd4 {[%emt 0:00:37]} Bb5 {[%emt 0:00:16]} ({Better is} 48... Ba6) 49. Bd2+ $16 {[%emt 0:00:43]} Kg6 {[%emt 0:00:07]} 50. Rh2 {[%emt 0:03:33]} Re2 $2 {[%emt 0:01:45] A mistake that costs the game.} (50... Rd8+ $16 {keeps fighting.} 51. Kc3 Kf6 52. g5+ Ke5) 51. Rh6+ $18 {[%emt 0:00:52]} Kg7 {[%emt 0:05:40]} 52. Rb6 $1 {[%emt 0:00:21][%csl LRb5,LRb7]} Bc6 {[%emt 0:04:26]} 53. Kxd3 {[%emt 0:01:19]} Re6 {[%emt 0:00:13] [#]} 54. Kc3 $1 {[%emt 0:01:51] Strongly threatening b5.} Kf7 $2 {[%emt 0:01:26]} (54... Re5 55. g5 Kg8) 55. g5 $2 {[%emt 0:02:08]} (55. b5 Bf3 56. Rxe6 Kxe6 57. g5) 55... Ke7 $2 {[%emt 0:04:20]} (55... Re5 56. b5 Bh1 57. g6+ Kg7) 56. b5 {[%emt 0:01:23]} Be4 {[%emt 0:00:11]} 57. Rxe6+ {[%emt 0:00:27] White mates.} Kxe6 {[%emt 0:00:05] KB-KB} 58. Kb4 {[%emt 0:00:23]} Kd5 {[%emt 0:01:01]} 59. Be3 {[%emt 0:00:12]} Ke6 {[%emt 0:00:44]} 60. Ka5 {[%emt 0:00:12]} Kd7 {[%emt 0:00:05]} 61. Kb6 {[%emt 0:00:24]} Kc8 {[%emt 0:00:20]} 62. Bf4 {[%emt 0:00:35]} Bg6 {[%emt 0:01:10]} 63. c6 {[%emt 0:02:36]} bxc6 {[%emt 0:00:05]} 64. Kxc6 {[%emt 0:00:32]} Be8+ {[%emt 0:00:27]} 65. Kc5 {[%emt 0:00:07]} Kb7 {[%emt 0:00:34]} 66. b6 {[%emt 0:00:29]} Bg6 {[%emt 0:00:09]} 67. Be3 {[%emt 0:00:07] Weighted Error Value: White=0.22 (precise) /Black=0.32} 1-0

[Event "Swedish Elitserien 2021-22"]
[Site "Sodertalje"]
[Date "2022.05.14"]
[Round "8.3"]
[White "Gdanski, Jacek"]
[Black "Carlsson, Ludvig"]
[Result "1/2-1/2"]
[WhiteElo "2486"]
[BlackElo "2423"]
[Annotator "TA"]
[PlyCount "31"]
[EventDate "2022.05.13"]
[EventType "team-tourn"]
[EventCountry "SWE"]
[SourceTitle "playchess.com"]
[Source "ChessBase"]
[SourceQuality "1"]

{[%evp 14,31,-2,0,33,28,26,20,22,29,30,17,20,21,37,36,31,9,10,6]} 1. c4 e6 {[%emt 0:01:04]} 2. Nf3 {[%emt 0:00:17]} d5 {[%emt 0:00:13]} 3. g3 {[%emt 0:00:12]} Nf6 {[%emt 0:01:48]} 4. Bg2 {[%emt 0:02:46]} Be7 {[%emt 0:05:00]} 5. d4 {[%emt 0:02:45]} O-O {[%emt 0:00:12]} 6. Qc2 {[%emt 0:00:08]} c5 {[%emt 0:07:50]} 7. dxc5 {[%emt 0:00:11]} Qa5+ {[%emt 0:02:08]} 8. Nc3 {[%emt 0:09:25]} Nc6 {[%emt 0:03:05][%cal Bb8c6,Bc6a5,Ba5c4][%mdl 32] [#] And now ...d4 would win. E06: Closed Catalan: Early deviations.} 9. cxd5 {[%emt 0:11:37]} Nxd5 {[%emt 0:00:25]} 10. O-O {[%emt 0:16:04]} Qxc5 {[%emt 0:05:13]} 11. Bd2 {[%emt 0:00:54]} Bd7 {[%emt 0:02:50] [#]} 12. Qb3 $146 {[%emt 0:05:13]} ({Predecessor:} 12. Rac1 Rac8 {0-1 (12) Prochazka,V (1980)-Pekar,J (1927) Slovakia 2002}) 12... Na5 {[%emt 0:03:51]} 13. Qd1 {[%emt 0:00:07] [#] Black must now prevent Nxd5.} Nc4 {[%emt 0:00:22]} 14. Nxd5 {[%emt 0:08:20]} Qxd5 {[%emt 0:01:20]} 15. Bc3 {[%emt 0:00:09] Nd2 is the strong threat.} Bc6 {[%emt 0:01:43]} 16. Qxd5 {[%emt 0:02:31] Weighted Error Value: White=0.05 (flawless) /Black=0.09 (flawless)} 1/2-1/2

[Event "Swedish Elitserien 2021-22"]
[Site "Sodertalje"]
[Date "2022.05.14"]
[Round "8.4"]
[White "Norberg, Johan"]
[Black "Krantz, Christopher"]
[Result "1/2-1/2"]
[WhiteElo "2289"]
[BlackElo "2252"]
[Annotator "TA"]
[PlyCount "43"]
[EventDate "2022.05.13"]
[EventType "team-tourn"]
[EventCountry "SWE"]
[SourceTitle "playchess.com"]
[Source "ChessBase"]
[SourceQuality "1"]

{[%evp 29,43,80,87,76,81,81,81,81,87,76,78,66,98,79,106,91]} 1. e4 {[%emt 0:00:07]} g6 {[%emt 0:00:59]} 2. d4 {[%emt 0:00:25]} Bg7 {[%emt 0:00:06]} 3. Nc3 {[%emt 0:00:04]} c6 {[%emt 0:00:11]} 4. f4 {[%emt 0:12:59]} d5 {[%emt 0:00:09]} 5. e5 {[%emt 0:00:03]} h5 {[%emt 0:00:21]} 6. Nf3 {[%emt 0:00:22]} Nh6 {[%emt 0:00:15]} 7. Be3 {[%emt 0:00:30]} Bg4 {[%emt 0:00:43]} 8. h3 {[%emt 0:04:03]} Bxf3 {[%emt 0:00:22]} 9. Qxf3 {[%emt 0:00:05]} h4 {[%emt 0:06:06]} 10. Bf2 {[%emt 0:03:03]} e6 {[%emt 0:01:27]} 11. Bd3 {[%emt 0:01:41]} Nd7 {[%emt 0:01:56]} 12. O-O {[%emt 0:02:59]} Bf8 {[%emt 0:02:13]} 13. Ne2 {[%emt 0:02:05]} Nf5 {[%emt 0:02:02]} 14. b3 {[%emt 0:04:03]} Be7 {[%emt 0:04:42]} 15. c4 {[%emt 0:08:28][%cal Bc2c4,Bc4c5][%mdl 32]} Kf8 {[%emt 0:02:23]} 16. Kh2 {[%emt 0:07:23] B15: Caro-Kann: 3 Nc3: 3...g6 and 3...dxe4 4 Nxe4 Nf6 5 Nxf6+ exf6.} a5 {[%emt 0:03:50] [#]} 17. Nc3 $146 {[%emt 0:03:46]} ({Predecessor:} 17. Ng1 Qb6 18. c5 Qa7 19. Rfc1 b6 20. cxb6 Qxb6 21. Bxf5 gxf5 22. Qc3 Rc8 23. Nf3 Kg7 {1-0 (54) Vysochin,S (2526)-Onischuk,V (2488) Kharkov 2009}) 17... Nb6 {[%emt 0:17:13]} 18. c5 {[%emt 0:11:03]} Nd7 {[%emt 0:00:54]} 19. a3 {[%emt 0:12:52]} b5 {[%emt 0:07:44]} 20. b4 {[%emt 0:03:28] White is more active.} Kg7 {[%emt 0:05:36]} 21. Rfb1 {[%emt 0:03:27]} Qc7 {[%emt 0:06:22]} 22. Qd1 {[%emt 0:07:51] Weighted Error Value: White=0.08 (flawless) /Black=0.08 (flawless)} 1/2-1/2

[Event "Swedish Elitserien 2021-22"]
[Site "Sodertalje"]
[Date "2022.05.14"]
[Round "8.5"]
[White "Rothen, Hakan"]
[Black "Petersson, Baldur Teodor"]
[Result "1/2-1/2"]
[WhiteElo "2228"]
[BlackElo "2231"]
[Annotator "TA"]
[PlyCount "128"]
[EventDate "2022.05.13"]
[EventType "team-tourn"]
[EventCountry "SWE"]
[SourceTitle "playchess.com"]
[Source "ChessBase"]
[SourceQuality "1"]

{[%evp 9,128,20,16,17,60,50,52,63,97,43,106,99,119,122,123,102,100,102,112,85,91,81,99,100,106,84,114,64,75,67,80,86,86,45,50,13,81,81,81,81,87,81,83,81,81,66,81,58,70,58,81,-59,-53,-46,-47,-61,-30,-81,-81,-87,-16,-25,-13,-76,-28,-51,0,0,0,-143,0,0,0,-27,-27,-27,-27,-56,-27,-27,0,0,0,-74,0,0,0,0,0,0,0,0,0,0,0,0,0,0,0,0,0,0,0,0,0,0,0,0,0,0,0,0,0,0,0,0,0,0,0,0,0]} 1. d4 Nf6 {[%emt 0:01:42]} 2. Nf3 {[%emt 0:00:49]} e6 {[%emt 0:01:17]} 3. e3 {[%emt 0:00:21]} c5 {[%emt 0:01:41]} 4. Bd3 {[%emt 0:00:19]} b6 {[%emt 0:01:47]} 5. c4 {[%emt 0:04:32]} Bb7 {[%emt 0:01:41]} 6. Nc3 {[%emt 0:00:11] E14: Queen's Indian: Classical Variation (4 e3).} Nc6 {[%emt 0:00:55]} 7. O-O {[%emt 0:01:02]} Be7 {[%emt 0:07:37]} 8. d5 {[%emt 0:04:14] White is slightly better.} Nb4 {[%emt 0:06:04]} 9. e4 {[%emt 0:00:44]} (9. Bb1 $16) 9... d6 {[%emt 0:06:36]} (9... Nxd3 $14 10. Qxd3 d6) 10. Be2 {[%emt 0:02:00]} e5 {[%emt 0:02:26]} 11. a3 {[%emt 0:06:37]} Na6 {[%emt 0:01:20] [#]} 12. b4 $146 {[%emt 0:01:25]} ({Predecessor:} 12. Ne1 Nc7 13. f3 O-O 14. Be3 Qe8 15. Rb1 Nd7 16. b3 f5 17. exf5 Rxf5 18. Bd3 Rf8 19. Qc2 Qh5 20. Ne4 Nf6 21. g4 Qh3 22. Ng5 Qh4 23. Ng2 Nxg4 24. Nxh4 Nxe3 25. Bxh7+ {1-0 (23) Sturm,T (1942)-Balazs,B (1670) Verden 2012}) 12... O-O {[%emt 0:02:20]} 13. Rb1 {[%emt 0:00:29]} Ne8 {[%emt 0:02:44]} 14. Ne1 {[%emt 0:02:52]} Bg5 {[%emt 0:02:02]} 15. Nd3 {[%emt 0:02:41]} Bxc1 {[%emt 0:02:28]} 16. Qxc1 {[%emt 0:01:02]} Qe7 {[%emt 0:09:13]} 17. Qd2 {[%emt 0:04:09]} g6 {[%emt 0:01:55]} 18. b5 {[%emt 0:08:23]} (18. f4 $16) 18... Nb8 $14 {[%emt 0:05:30]} 19. a4 {[%emt 0:01:15][%cal Ba3a4,Ba4a5][%mdl 32] White is more active.} Ng7 {[%emt 0:03:44]} 20. a5 {[%emt 0:01:23]} f5 {[%emt 0:00:40]} 21. Ra1 {[%emt 0:10:35]} Nd7 {[%emt 0:02:03]} 22. Ra3 {[%emt 0:02:11]} Nf6 {[%emt 0:02:39] [#]} (22... a6 $11) 23. f3 $1 $16 {[%emt 0:00:19]} fxe4 {[%emt 0:07:05]} 24. fxe4 {[%emt 0:00:53]} Rf7 {[%emt 0:00:10]} 25. axb6 {[%emt 0:00:56]} axb6 {[%emt 0:00:05]} 26. Rxa8+ {[%emt 0:00:09]} Bxa8 {[%emt 0:00:08]} 27. Ra1 {[%emt 0:00:38]} Bb7 {[%emt 0:00:47]} 28. Ra7 {[%emt 0:00:57]} Qf8 {[%emt 0:05:15][%cal Ob7d5]} 29. Qg5 {[%emt 0:02:43]} Nfh5 {[%emt 0:02:38][%cal Ob7d5]} 30. g3 {[%emt 0:00:45] [#]} (30. Ra1 $16) 30... Bxd5 $1 $15 {[%emt 0:01:31]} 31. Rxf7 {[%emt 0:06:47]} Bxf7 {[%emt 0:00:14]} 32. Nf2 {[%emt 0:07:16]} Ne6 {[%emt 0:02:13]} 33. Qe3 {[%emt 0:00:38]} (33. Qh4 $1 $11) 33... Nf6 $17 {[%emt 0:01:32]} 34. Nd5 {[%emt 0:00:38]} Nxd5 {[%emt 0:00:36]} ({Black should play} 34... Qd8 $17 35. Qf3 Nd7) 35. exd5 $11 {[%emt 0:00:09]} Nd4 {[%emt 0:00:14]} 36. g4 {[%emt 0:06:25]} (36. Bd1 $11 {keeps the balance.}) 36... Be8 {[%emt 0:01:47]} (36... Nxe2+ $17 37. Qxe2 g5) 37. Bd1 {[%emt 0:02:55]} Bd7 {[%emt 0:11:12]} (37... Qe7 $1 $15) 38. Ne4 {[%emt 0:01:21]} Kg7 {[%emt 0:00:15]} 39. g5 {[%emt 0:03:16]} (39. Qf2 $11) 39... Qf5 {[%emt 0:03:40]} (39... Bf5 $17 {Threatens to win with ...Bxe4.} 40. Bf3 Qe7) 40. Kg2 {[%emt 0:03:32]} ({Don't go for} 40. Nxd6 $2 Qb1 41. Kg2 (41. Qxe5+ $2 Kg8 $19) 41... Qxd1 $19) 40... Qf8 {[%emt 0:02:03]} 41. Nf6 {[%emt 0:00:56]} Bf5 {[%emt 0:02:25]} 42. Qa3 {[%emt 0:01:08] Inhibits Qa8. Black must now prevent Qa7+.} Qb8 {[%emt 0:00:18] Prevents Qa7+.} 43. Bg4 {[%emt 0:04:09]} h6 {[%emt 0:02:28]} 44. h4 {[%emt 0:02:12]} Nc2 {[%emt 0:09:42]} 45. Qc3 {[%emt 0:01:55]} Nd4 {[%emt 0:08:44]} (45... Bxg4 $11 46. Nxg4 Nd4) 46. Qa3 $17 {[%emt 0:00:34]} hxg5 {[%emt 0:03:42]} ({Black should try} 46... Kf7 $17) 47. hxg5 $11 {[%emt 0:00:32] The position is equal.} Bxg4 {[%emt 0:00:41]} 48. Nxg4 $17 {[%emt 0:00:07][%mdl 4096] Endgame KQN-KQN} Ne2 {[%emt 0:00:28]} 49. Nf6 {[%emt 0:01:56]} Nf4+ {[%emt 0:00:10]} 50. Kg3 {[%emt 0:03:14]} Nh5+ {[%emt 0:00:42]} 51. Nxh5+ {[%emt 0:00:38]} gxh5 $11 {[%emt 0:00:05] KQ-KQ} 52. Qf3 {[%emt 0:00:23] Qf6+ is the strong threat.} Qf8 {[%emt 0:01:15] Prevents Qf6+.} 53. Qxh5 {[%emt 0:00:39]} Qf4+ {[%emt 0:00:05]} 54. Kg2 {[%emt 0:00:20]} Qe4+ {[%emt 0:02:04]} 55. Kg1 {[%emt 0:00:55]} Qb1+ {[%emt 0:01:50]} 56. Kg2 {[%emt 0:00:23] And now Qh6+ would win.} Qg6 {[%emt 0:00:56] Against Qh6+} 57. Qg4 {[%emt 0:09:46]} Qc2+ {[%emt 0:00:06]} 58. Kg3 {[%emt 0:05:11] aiming for Qd7+.} Qd3+ {[%emt 0:01:13]} 59. Kg2 {[%emt 0:00:35]} Qd2+ {[%emt 0:00:48]} 60. Kh3 {[%emt 0:03:11]} Qe3+ {[%emt 0:01:28]} 61. Kg2 {[%emt 0:00:31]} Kg6 {[%emt 0:01:23]} 62. Qe6+ {[%emt 0:00:50]} Kxg5 {[%emt 0:00:09] ( -> ...Qe4+)} 63. Qxd6 {[%emt 0:00:21]} Qe2+ {[%emt 0:00:51]} 64. Kg3 {[%emt 0:01:17]} Qe3+ {[%emt 0:00:27] Weighted Error Value: White=0.20 (precise) /Black=0.17 (very precise)} 1/2-1/2